| 000 | 00751cab a2200253 4500 | ||
|---|---|---|---|
| 001 | WB3040-67 | ||
| 008 | 090401t1994 xxu||||| |||| 00| 0 eng d | ||
| 035 | _a(Sirsi) u75935 | ||
| 041 | _aeng | ||
| 245 | _aCereal farmers | ||
| 260 | _c1994 | ||
| 350 | _a0 | ||
| 490 |
_aFinancial Times _v22 October 1994, 4(1) |
||
| 520 | _aThe Agriculture minister, is to discuss proposals that European cereal farmers should adopt environmentally friendly practices in return for EU subsidies. | ||
| 650 | _aCAP REFORM | ||
| 650 | _aCEREAL FARMERS | ||
| 650 | _aENVIRONMENTAL CONDITIONS | ||
| 650 | _aENVIRONMENTALLY-FRIENDLY FARMING | ||
| 650 | _aFARMING | ||
| 650 | _aSUBSIDIES | ||
| 690 | _aRURAL PRACTICE | ||
| 942 | _n0 | ||
| 948 | _c04/03/1997 | ||
| 999 |
_c47772 _d47772 |
||